[Event "Ville d'Orsay online Blitz"]
[Site "Europe Echecs INT"]
[Date "2021.02.07"]
[Round "2"]
[White "Banana, Adnane"]
[Black "Rosu, Andrei"]
[Result "1-0"]
[WhiteElo "1837"]
[BlackElo "1350"]
[PlyCount "65"]
[EventDate "2021.02.07"]
[EventType "swiss (blitz)"]
[EventRounds "11"]
[EventCountry "FRA"]
[SourceTitle "CBM 200 Extra"]
[Source "ChessBase"]
[SourceDate "2021.03.31"]
[SourceVersion "1"]
[SourceVersionDate "2021.03.31"]
[SourceQuality "1"]

1. e4 e5 2. Nf3 Nc6 3. Bb5 a6 4. Bxc6 bxc6 5. 0-0 Bc5 6. Nxe5 Qe7 7. d4 Bb6 8. Qd3 Nf6 9. Bg5 h6 10. Bh4 0-0 11. Bxf6 Qxf6 12. c3 d5 13. Nd2 dxe4 14. Nxe4 Qe6 15. Qc4 Qxc4 16. Nxc4 Ba7 17. Ne5 Re8 18. Rfe1 Bb7 19. Nd7 Rad8 20. Nec5 Bxc5 21. Nxc5 Bc8 22. Kf1 Rxe1+ 23. Rxe1 a5 24. Re7 Kf8 25. Rxc7 Rd6 26. Rxc8+ Ke7 27. Rc7+ Kf6 28. Ne4+ Ke6 29. Nxd6 Kxd6 30. Rxf7 Kd5 31. Ke2 c5 32. dxc5 Kxc5 33. Kd3 1-0

[Event "Rochefort op-B 16th"]
[Site "Rochefort"]
[Date "2017.02.18"]
[Round "3"]
[White "Banana, Adnane"]
[Black "Schegerin, Andre"]
[Result "1-0"]
[WhiteElo "1861"]
[BlackElo "1724"]
[PlyCount "77"]
[EventDate "2017.02.18"]
[EventType "swiss"]
[EventRounds "9"]
[EventCountry "FRA"]
[SourceTitle "CBM 177 Extra"]
[Source "ChessBase"]
[SourceDate "2017.04.27"]
[SourceVersion "1"]
[SourceVersionDate "2017.04.27"]
[SourceQuality "1"]

1. e4 e5 2. Nf3 Nc6 3. Bb5 a6 4. Bxc6 dxc6 5. 0-0 f6 6. d4 exd4 7. Nxd4 c5 8. Ne2 Bg4 9. f3 Qxd1 10. Rxd1 Bd7 11. Bf4 0-0-0 12. Nbc3 Ne7 13. Nd5 Nxd5 14. Rxd5 Be7 15. Rad1 Be6 16. Rxd8+ Rxd8 17. Rxd8+ Kxd8 18. a3 Bd6 19. Kf2 Kd7 20. Ke3 b5 21. Bxd6 cxd6 22. b4 Kc6 23. Nf4 Bf7 24. c3 g6 25. g3 g5 26. Nd3 c4 27. Nf2 h5 28. h4 Kd7 29. Kd4 Be6 30. Nd1 gxh4 31. gxh4 f5 32. e5 Kc6 33. f4 Bd5 34. Ne3 Be4 35. Nf1 Bf3 36. Ne3 Be4 37. e6 Bd3 38. Nd5 Be4 39. Nf6 1-0

[Event "Rochefort op-B 16th"]
[Site "Rochefort"]
[Date "2017.02.18"]
[Round "4"]
[White "Daignieres, Pierre"]
[Black "Banana, Adnane"]
[Result "1-0"]
[WhiteElo "1775"]
[BlackElo "1861"]
[PlyCount "59"]
[EventDate "2017.02.18"]
[EventType "swiss"]
[EventRounds "9"]
[EventCountry "FRA"]
[SourceTitle "CBM 177 Extra"]
[Source "ChessBase"]
[SourceDate "2017.04.27"]
[SourceVersion "1"]
[SourceVersionDate "2017.04.27"]
[SourceQuality "1"]

1. e4 d6 2. d4 Nf6 3. Nc3 g6 4. Bg5 Bg7 5. Qd2 h6 6. Bf4 Nbd7 7. Nf3 c5 8. d5 g5 9. Bg3 Nh5 10. Bb5 0-0 11. 0-0-0 a6 12. Bxd7 Bxd7 13. Kb1 b5 14. Rhe1 Nxg3 15. hxg3 b4 16. Ne2 Bg4 17. Rh1 Bxf3 18. gxf3 a5 19. g4 a4 20. f4 b3 21. fxg5 a3 22. cxb3 hxg5 23. Qxg5 Qa5 24. Rh3 axb2 25. a4 Qb4 26. Qf5 Rfb8 27. Rdh1 Kf8 28. Rh8+ Bxh8 29. Rxh8+ Kg7 30. Rh7+ 1-0

[Event "FRA-ch op-C"]
[Site "Pau"]
[Date "2012.08.19"]
[Round "6"]
[White "Banana, Adnane"]
[Black "Boursier, Marianne"]
[Result "1/2-1/2"]
[WhiteElo "1798"]
[BlackElo "1724"]
[PlyCount "96"]
[EventDate "2012.08.14"]
[EventType "swiss"]
[EventRounds "11"]
[EventCountry "FRA"]
[SourceTitle "EXT 2014"]
[Source "ChessBase"]
[SourceDate "2013.11.20"]
[SourceVersion "1"]
[SourceVersionDate "2013.11.20"]
[SourceQuality "1"]

1. e4 c5 2. Nf3 Nc6 3. d4 cxd4 4. Nxd4 g6 5. c4 Nf6 6. Nc3 d6 7. Be2 Nxd4 8. Qxd4 Bg7 9. Be3 0-0 10. Qd2 Be6 11. 0-0 Qa5 12. f3 Rfc8 13. b3 a6 14. Rac1 Nd7 15. Rfd1 Nc5 16. Nd5 Qxd2 17. Rxd2 Bxd5 18. cxd5 a5 19. Rdc2 Rc7 20. a3 Rac8 21. Kf1 Kf8 22. b4 axb4 23. axb4 Na6 24. Rxc7 Rxc7 25. Rxc7 Nxc7 26. Bd2 Bd4 27. Ke1 e6 28. dxe6 fxe6 29. Bc4 d5 30. Bd3 Ke7 31. Kd1 dxe4 32. Bxe4 Nd5 33. Kc2 Kd6 34. Kd3 Bg1 35. h3 Bf2 36. Ke2 Bg3 37. Bh6 b6 38. Bd2 Nf4+ 39. Bxf4+ Bxf4 40. b5 Bg3 41. Bc6 h6 42. Ke3 g5 43. Ke4 Be5 44. Bd7 Bg3 45. Be8 Be5 46. Bd7 Bg3 47. Be8 Be5 48. Bd7 Bg3 1/2-1/2

[Event "FRA-ch op-C"]
[Site "Pau"]
[Date "2012.08.18"]
[Round "5"]
[White "Parroco, Pierre Jean"]
[Black "Banana, Adnane"]
[Result "0-1"]
[WhiteElo "1705"]
[BlackElo "1798"]
[PlyCount "78"]
[EventDate "2012.08.14"]
[EventType "swiss"]
[EventRounds "11"]
[EventCountry "FRA"]
[SourceTitle "EXT 2014"]
[Source "ChessBase"]
[SourceDate "2013.11.20"]
[SourceVersion "1"]
[SourceVersionDate "2013.11.20"]
[SourceQuality "1"]

1. e4 c5 2. Nc3 Nc6 3. g3 g6 4. Bg2 Bg7 5. d3 d6 6. Be3 e6 7. Qd2 Nd4 8. Nd1 Ne7 9. c3 Ndc6 10. Bh6 0-0 11. Bxg7 Kxg7 12. Ne3 h5 13. Ne2 e5 14. 0-0 b5 15. f4 f6 16. h4 b4 17. Kh2 bxc3 18. bxc3 Bd7 19. Bh3 Rb8 20. Bxd7 Qxd7 21. f5 d5 22. Rad1 d4 23. cxd4 cxd4 24. Nc4 gxf5 25. Rf2 fxe4 26. dxe4 Qe6 27. Rc1 Rb4 28. Qd3 f5 29. Nd2 fxe4 30. Nxe4 Rxf2+ 31. Nxf2 Qxa2 32. Ne4 Qb3 33. Qd2 Qe3 34. Qxe3 dxe3 35. N4c3 Rb2 36. Rb1 Rxb1 37. Nxb1 Nd4 38. Nbc3 Nec6 39. Kg2 Nxe2 0-1

[Event "Ambes op 3rd"]
[Site "Ambes"]
[Date "2010.04.30"]
[Round "7"]
[White "Barraud, Mickael"]
[Black "Banana, Adnane"]
[Result "1-0"]
[WhiteElo "1881"]
[BlackElo "1717"]
[PlyCount "92"]
[EventDate "2010.04.24"]
[EventType "swiss"]
[EventRounds "9"]
[EventCountry "FRA"]
[SourceTitle "EXT 2011"]
[Source "ChessBase"]
[SourceDate "2010.11.26"]
[SourceVersion "1"]
[SourceVersionDate "2010.11.26"]
[SourceQuality "1"]

1. e4 c5 2. c3 g6 3. d4 cxd4 4. cxd4 d5 5. e5 Nc6 6. Be3 Bg7 7. f4 e6 8. Nf3 Nge7 9. Be2 0-0 10. 0-0 Bd7 11. Nc3 a6 12. Rc1 b5 13. Qd2 Qb6 14. Nd1 Rfc8 15. Nf2 Ra7 16. Nd3 Na5 17. b3 Rac7 18. Rxc7 Rxc7 19. Nc5 Nb7 20. b4 f6 21. a3 Nf5 22. g4 Ne7 23. Bd3 Be8 24. h4 fxe5 25. fxe5 Nc8 26. Bh6 Qc6 27. Bxg7 Rxg7 28. Ng5 Nxc5 29. bxc5 h6 30. Nh3 Kh7 31. Rf6 Ne7 32. Nf4 Bf7 33. h5 Qc8 34. Rxf7 Rxf7 35. hxg6+ Nxg6 36. Bxg6+ Kg7 37. Bxf7 Kxf7 38. Nh5 Qg8 39. Qf4+ Ke7 40. Kg2 a5 41. Kf3 Kd8 42. Qf6+ Kc7 43. Qg7+ Qxg7 44. Nxg7 b4 45. axb4 a4 46. Nxe6+ Kb8 1-0

[Event "Ambes op 3rd"]
[Site "Ambes"]
[Date "2010.04.28"]
[Round "5"]
[White "Jund, Christian"]
[Black "Banana, Adnane"]
[Result "0-1"]
[WhiteElo "1969"]
[BlackElo "1717"]
[PlyCount "62"]
[EventDate "2010.04.24"]
[EventType "swiss"]
[EventRounds "9"]
[EventCountry "FRA"]
[SourceTitle "EXT 2011"]
[Source "ChessBase"]
[SourceDate "2010.11.26"]
[SourceVersion "1"]
[SourceVersionDate "2010.11.26"]
[SourceQuality "1"]

1. c4 e5 2. Nc3 Nc6 3. g3 Nf6 4. Bg2 Bc5 5. d3 0-0 6. Nf3 d6 7. 0-0 h6 8. a3 a5 9. Rb1 Be6 10. Bd2 Qc8 11. Na4 Ba7 12. b4 axb4 13. axb4 e4 14. Ne1 Bh3 15. b5 Bxg2 16. Kxg2 Ne5 17. b6 cxb6 18. Nxb6 Qc6 19. Qa4 Rfb8 20. Qxc6 bxc6 21. Nxa8 Rxb1 22. Bc3 Ne8 23. Ba5 Rb2 24. Nc7 Nxc7 25. Bxc7 Rxe2 26. dxe4 Nxc4 27. Kf3 Ra2 28. Rh1 Rxf2+ 29. Kg4 Rb2 30. Nd3 Rb7 31. Rc1 Ne3+ 0-1

[Event "Ambes op 2nd"]
[Site "Ambes"]
[Date "2009.04.18"]
[Round "8"]
[White "Banana, Adnane"]
[Black "Barbot, Pierre1111"]
[Result "0-1"]
[WhiteElo "1755"]
[BlackElo "1660"]
[PlyCount "70"]
[EventDate "2009.04.11"]
[EventType "swiss"]
[EventRounds "9"]
[EventCountry "FRA"]
[SourceTitle "EXT 2012"]
[Source "ChessBase"]
[SourceDate "2011.11.24"]
[SourceVersion "1"]
[SourceVersionDate "2011.11.24"]
[SourceQuality "1"]

1. e4 d5 2. exd5 Qxd5 3. Nc3 Qa5 4. d4 Nf6 5. Nf3 Bf5 6. Be2 e6 7. 0-0 c6 8. Re1 Bb4 9. Bd2 0-0 10. a3 Bxc3 11. Bxc3 Qc7 12. Nh4 Be4 13. d5 Nxd5 14. Bf1 Nxc3 15. bxc3 Qf4 16. g3 Qe5 17. Bd3 f5 18. Rb1 b6 19. Rb4 Qxc3 20. Bxe4 fxe4 21. Rbxe4 Qxa3 22. Rxe6 Qc5 23. Qe2 Nd7 24. Re7 Nf6 25. Qe6+ Kh8 26. Nf5 Nh5 27. Re5 Qxc2 28. Re8 Raxe8 29. Qxe8 Qb1+ 30. Kg2 Qxf5 31. Rxf5 Rxe8 32. Rxh5 a5 33. Rh4 b5 34. Rd4 a4 35. Rd7 Ra8 0-1

[Event "Ambes op 2nd"]
[Site "Ambes"]
[Date "2009.04.14"]
[Round "4"]
[White "Guenin, Pierre"]
[Black "Banana, Adnane"]
[Result "1-0"]
[WhiteElo "1773"]
[BlackElo "1755"]
[PlyCount "77"]
[EventDate "2009.04.11"]
[EventType "swiss"]
[EventRounds "9"]
[EventCountry "FRA"]
[SourceTitle "EXT 2012"]
[Source "ChessBase"]
[SourceDate "2011.11.24"]
[SourceVersion "1"]
[SourceVersionDate "2011.11.24"]
[SourceQuality "1"]

1. e4 c5 2. Nf3 d6 3. c3 g6 4. d3 Bg7 5. Be2 Nc6 6. Nbd2 Nf6 7. Nc4 b5 8. Ne3 0-0 9. 0-0 Bb7 10. h3 Qb6 11. Nh2 b4 12. Bd2 Rfd8 13. Nhg4 e6 14. Qc1 a5 15. Nxf6+ Bxf6 16. Ng4 Bh8 17. Bh6 f5 18. exf5 exf5 19. Ne3 Ne5 20. d4 Nf7 21. dxc5 Qxc5 22. Bf4 bxc3 23. bxc3 Qxc3 24. Qd1 Qxa1 25. Qxa1 Bxa1 26. Rxa1 Rac8 27. g4 fxg4 28. Nxg4 h5 29. Nh6+ Nxh6 30. Bxh6 Be4 31. Bb5 Rc5 32. a4 Rdc8 33. Be3 Rc3 34. Bd7 Rb8 35. Kh2 Bc6 36. Be6+ Kh7 37. Rd1 Bxa4 38. Rxd6 Rc4 39. Rd7+ 1-0